000 00640nam a2200169 i 4500
001 165616
003 ES-MaACL
005 20250703063541.0
008 050905s1854 sp a | |||||||| ||spa d
040 _aCAM
_bspa
_cCAM
100 1 _aSoulié, Frédéric,
_d1800-1847
_9107564
245 1 3 _aLa marquesa de Menville
_b: novela /
_cpor Federico Soulié.
260 _aParis :
_bLibreria española :
_bDeposito Central,
_c1854 (
_eMadrid :
_fEstablecimiento tipografico de Mellado)
300 _a311 p. :
_bil. ;
_c23 cm.
852 _aES-MaACL
_jC-2812 (2)
_z-- Enc. hol.
_z-- Legado M. de la Fuente
999 _c165616
_d165616